000 00695cam a2200205 4500
001 WB3549-35
008 000000n1999 000 0 eng u
035 _a(Sirsi) u103131
245 _aDrop in farmland value fails to materialise
260 _c1999
490 _aWestern Mail
_v14 December 1999, 7(1)
520 _aFigures released by Knight Frank suggest that demand for farmland continues to exceed supply, and that average values have held steady.
590 _aWB
650 _aFARMLAND VALUES
650 _aKNIGHT FRANK
650 _aLAND PRICES
650 _aPROPERTY-RURAL AND NATURAL ASSETS-AGRICULTURAL PROPERTY-AGRICULTURAL LAND
690 _aRURAL PRACTICE
942 _n0
999 _c61981
_d61981